[Event "ITA-ch U20"]
[Site "Tarvisio"]
[Date "2023.07.09"]
[Round "9"]
[White "Bortolotti, Alessandro"]
[Black "Bergamaschi, Elia"]
[Result "1/2-1/2"]
[WhiteElo "1728"]
[BlackElo "1943"]
[PlyCount "62"]
[EventDate "2023.07.02"]
[EventType "swiss"]
[EventRounds "9"]
[EventCountry "ITA"]
[SourceTitle "EXT 2024"]
[Source "ChessBase"]
[SourceDate "2023.10.10"]
[SourceVersion "1"]
[SourceVersionDate "2023.10.10"]
[SourceQuality "1"]

1. e4 e5 2. Nf3 Nc6 3. Bc4 Bc5 4. c3 Nf6 5. d4 exd4 6. e5 d5 7. Bb5 Ne4 8. cxd4 Bb6 9. h3 0-0 10. 0-0 Bf5 11. Nc3 h6 12. Bxc6 bxc6 13. Na4 Qe7 14. Be3 Qb4 15. Rc1 Bd7 16. Ne1 c5 17. Nxc5 Bxc5 18. Nd3 Qa5 19. Nxc5 Bb5 20. Re1 Qxa2 21. Nxe4 dxe4 22. Rxc7 Qxb2 23. Qg4 Kh8 24. Qxe4 Qa2 25. d5 Rad8 26. Rxa7 Qxd5 27. Qxd5 Rxd5 28. Bf4 Bd7 29. Ra6 Be6 30. Rd6 Rb5 31. Red1 Rfb8 1/2-1/2

[Event "ITA-ch U20"]
[Site "Tarvisio"]
[Date "2023.07.08"]
[Round "8"]
[White "Greco, Edoardo"]
[Black "Bortolotti, Alessandro"]
[Result "1/2-1/2"]
[WhiteElo "1967"]
[BlackElo "1728"]
[PlyCount "97"]
[EventDate "2023.07.02"]
[EventType "swiss"]
[EventRounds "9"]
[EventCountry "ITA"]
[SourceTitle "EXT 2024"]
[Source "ChessBase"]
[SourceDate "2023.10.10"]
[SourceVersion "1"]
[SourceVersionDate "2023.10.10"]
[SourceQuality "1"]

1. d4 Nf6 2. Nf3 e6 3. c4 b6 4. e3 Bb7 5. Bd3 d5 6. Nc3 Bd6 7. 0-0 0-0 8. cxd5 exd5 9. Qc2 Nbd7 10. Nb5 Qe7 11. Bd2 c5 12. Nxd6 Qxd6 13. Bc3 c4 14. Bf5 b5 15. a3 a5 16. Ne5 g6 17. Bxd7 Nxd7 18. Qd2 Nxe5 19. dxe5 Qc7 20. Qd4 Rae8 21. f4 Re6 22. g4 Rfe8 23. Rae1 f6 24. exf6 Kf7 25. Qd2 d4 26. exd4 Qc6 27. d5 Qxd5 28. Qxd5 Bxd5 29. Rxe6 Bxe6 30. g5 a4 31. Rd1 Rb8 32. Rd6 Bf5 33. Kf2 Bg4 34. Ke3 Bf5 35. Kd4 Be6 36. Kc5 Bf5 37. Be5 Rb7 38. Rd8 Ke6 39. Re8+ Kf7 40. Rh8 Ke6 41. f7 Rxf7 42. Kxb5 Bc2 43. Kxc4 Bb3+ 44. Kc5 Rd7 45. h4 Rb7 46. Rf8 Rf7 47. Rxf7 Kxf7 48. Kd6 Bc2 49. Bf6 1/2-1/2